000 00959nam a2200277 i 4500
003 DO-SdBNP
005 20250630110617.0
007 ta
008 250630t2005 dr 000 0 spa d
040 _aDO-SdBNP
_bspa
_cBNPHU
_erda
041 _hspa
082 _axxxx
_bG934
_222
100 _aGuerrero, José G
_eautor
_4aut.
_918729
245 1 3 _aLa UASD y la facultad de humanidades :
_bapuntes para su estudio en el 467 aniversario /
_cJosé G. Guerrero, Francisco Berroa Ubiera
264 _aSanto Domingo :
_bUASD,
_c2005.
300 _a47 páginas
_c21 cm.
336 _atexto
_btxt
_2rdacontent
337 _asin mediación
_bn
_2rdamedia
338 _avolumen
_bnc
_2rdacarrier
500 _aFacultad de humanidades. Escuela de historia y antropología.
590 _aInventariado, 2025/ YL
700 1 _aBerroa Ubiera, Francisco
_eautor
_4aut.
_957120
710 1 _aUniversidad Autónoma de Santo Domingo
910 _aYLockward
942 _2ddc
_cLF2
999 _c59400
_d59400